000 00801nam a2200217 i 4500
001 143895
003 ES-MaACL
005 20250716062534.0
007 t|
008 070214s1930 fr r ||||1| fre d
100 1 _aShakespeare, William,
_d1564-1616
_9105992
245 1 0 _aMesure pour mesure /
_c[par Shakespeare] ; traduction de René Galland [et texte anglais d'après l'ancienne édition `Cambridge`].
260 _aParis :
_bLes Belles Lettres,
_c1930 (
_eAnvers [Bélgica] :
_fFlor Burton)
300 _aXXVI, 233 p. ;
_c15 cm.
490 1 _aCol. Shakespeare, texte et traduction
500 _aTexto bilingüe en francés e inglés.
700 1 _aGalland, René.
_953471
830 0 _aCol. Shakespeare, texte et traduction
_9187295
852 _aES-MaACL
_jA-2585
999 _c143895
_d143895